<?xml version="1.0" encoding="UTF-8"?><marc:collection xmlns:marc="http://www.loc.gov/MARC21/slim">
  <marc:record>
    <marc:leader>00000nam  2200000za 4500</marc:leader>
    <marc:controlfield tag="001">9.842481</marc:controlfield>
    <marc:controlfield tag="003">CaOODSP</marc:controlfield>
    <marc:controlfield tag="005">20221107152331</marc:controlfield>
    <marc:controlfield tag="007">cr |||||||||||</marc:controlfield>
    <marc:controlfield tag="008">170825s1993    qucb   |o    f|0| 0 fre d</marc:controlfield>
    <marc:datafield tag="020" ind1=" " ind2=" ">
      <marc:subfield code="z">0-662-98655-5</marc:subfield>
    </marc:datafield>
    <marc:datafield tag="040" ind1=" " ind2=" ">
      <marc:subfield code="a">CaOODSP</marc:subfield>
      <marc:subfield code="b">fre</marc:subfield>
    </marc:datafield>
    <marc:datafield tag="043" ind1=" " ind2=" ">
      <marc:subfield code="a">n-cn-sn</marc:subfield>
    </marc:datafield>
    <marc:datafield tag="086" ind1="1" ind2=" ">
      <marc:subfield code="a">En106-21/1993F-PDF</marc:subfield>
      <marc:subfield code="z">En106-21/1993F</marc:subfield>
    </marc:datafield>
    <marc:datafield tag="245" ind1="0" ind2="0">
      <marc:subfield code="a">Projets d’exploitation de mines d’uranium dans le nord de la Saskatchewan </marc:subfield>
      <marc:subfield code="h">[ressource électronique] : </marc:subfield>
      <marc:subfield code="b">Dominique-Janine Extension, McClean Lake Project et Midwest Joint Venture : rapport de la commission conjointe fédérale-provinciale d’examen des projets d’exploitation de mines d’uranium dans le nord de la Saskatchewan.</marc:subfield>
    </marc:datafield>
    <marc:datafield tag="246" ind1="3" ind2="4">
      <marc:subfield code="a">Dominique-Janine Extension, McClean Lake Project et Midwest Joint Venture : </marc:subfield>
      <marc:subfield code="b">rapport de la commission conjointe fédérale-provinciale d’examen des projets d’exploitation de mines d’uranium dans le nord de la Saskatchewan</marc:subfield>
    </marc:datafield>
    <marc:datafield tag="260" ind1=" " ind2=" ">
      <marc:subfield code="a">[Hull, Québec : </marc:subfield>
      <marc:subfield code="b">Bureau fédéral d’examen des évaluations environnementales], </marc:subfield>
      <marc:subfield code="c">c1993.</marc:subfield>
    </marc:datafield>
    <marc:datafield tag="300" ind1=" " ind2=" ">
      <marc:subfield code="a">65 p. : </marc:subfield>
      <marc:subfield code="b">cartes.</marc:subfield>
    </marc:datafield>
    <marc:datafield tag="500" ind1=" " ind2=" ">
      <marc:subfield code="a">Édition numérisée de l’imprimé.</marc:subfield>
    </marc:datafield>
    <marc:datafield tag="500" ind1=" " ind2=" ">
      <marc:subfield code="a">« Octobre 1993 ».</marc:subfield>
    </marc:datafield>
    <marc:datafield tag="500" ind1=" " ind2=" ">
      <marc:subfield code="a">Publi. aussi en anglais sous le titre : Uranium mining developments in Northern Saskatchewan [electronic resource] : Dominique-Janine Extension, McClean Lake Project, and Midwest Joint Venture : report of the join Federal-Provincial Panel on Uranium Mining Developments in Northern Saskatchewan.</marc:subfield>
    </marc:datafield>
    <marc:datafield tag="520" ind1=" " ind2=" ">
      <marc:subfield code="a">« Les recommandations principales résultant de notre examen des projets suivants : Dominique-Janine Extension, McClean Lake Project et Midwest Joint Venture, sont résumées dans la présente section. Elles résultent de l’évaluation de l’équilibre entre les avantages possibles et les risques perçus des projets examines »--Résumé.</marc:subfield>
    </marc:datafield>
    <marc:datafield tag="692" ind1="0" ind2="7">
      <marc:subfield code="2">gccst</marc:subfield>
      <marc:subfield code="a">Évaluation environnementale</marc:subfield>
    </marc:datafield>
    <marc:datafield tag="692" ind1="0" ind2="7">
      <marc:subfield code="2">gccst</marc:subfield>
      <marc:subfield code="a">Industrie minière</marc:subfield>
    </marc:datafield>
    <marc:datafield tag="710" ind1="1" ind2=" ">
      <marc:subfield code="a">Canada. </marc:subfield>
      <marc:subfield code="b">Agence canadienne d'évaluation environnementale.</marc:subfield>
    </marc:datafield>
    <marc:datafield tag="710" ind1="2" ind2=" ">
      <marc:subfield code="a">Commission conjointe fédérale-provinciale d'examen des projets d'exploitation de mines d'uranium dans le nord de la Saskatchewan (Canada)</marc:subfield>
    </marc:datafield>
    <marc:datafield tag="775" ind1="0" ind2="8">
      <marc:subfield code="t">Uranium mining developments in Northern Saskatchewan </marc:subfield>
      <marc:subfield code="w">(CaOODSP)9.842475</marc:subfield>
    </marc:datafield>
    <marc:datafield tag="856" ind1="4" ind2="0">
      <marc:subfield code="q">PDF</marc:subfield>
      <marc:subfield code="s">4.73 Mo</marc:subfield>
      <marc:subfield code="u">https://publications.gc.ca/collections/collection_2017/acee-ceaa/En106-21-1993-fra.pdf</marc:subfield>
    </marc:datafield>
  </marc:record>
</marc:collection>
